[Event "19. Sahovski festival "]
[Site "Senta"]
[Date "2015.07.18"]
[Round "9.15"]
[White "Jovanovic, Milan B"]
[Black "Simonyi, Zoltan"]
[Result "0-1"]
[WhiteElo "2041"]
[BlackElo "2227"]
[PlyCount "60"]
[EventDate "2015.07.11"]

1. d4 g6 2. h4 Nf6 3. Bg5 Bg7 4. e3 c5 5. c3 d6 6. Bc4 Qc7 7. Nd2 O-O 8. h5
Nxh5 9. Rxh5 gxh5 10. Qxh5 Bf5 11. dxc5 dxc5 12. Bxe7 Bg6 13. Qg5 Re8 14. Bf6
Bxf6 15. Qxf6 Nd7 16. Qh4 Kh8 17. Ngf3 Qd8 18. Qg3 Qe7 19. Nh4 Ne5 20. Nxg6+
fxg6 21. Bd5 Rad8 22. c4 Nd3+ 23. Ke2 Nb4 24. Rh1 Nxd5 25. cxd5 Qg7 26. Qg5 Rd7
27. f4 Qd4 28. Qxg6 Rxe3+ 29. Kd1 Qxd5 30. Qf6+ Kg8 0-1

[Event "19. Sahovski festival "]
[Site "Senta"]
[Date "2015.07.18"]
[Round "9.16"]
[White "Penjov, Damjan"]
[Black "Vranic, Ljubomir"]
[Result "1/2-1/2"]
[WhiteElo "2022"]
[BlackElo "2213"]
[PlyCount "58"]
[EventDate "2015.07.11"]

1. e4 e6 2. d4 d5 3. Nc3 Nf6 4. Bg5 Be7 5. e5 Nfd7 6. Bxe7 Qxe7 7. Nf3 a6 8. a3
c5 9. Ne2 Nc6 10. c3 O-O 11. Ng3 f6 12. exf6 Qxf6 13. Be2 b5 14. O-O Bb7 15.
Qd2 Rad8 16. Rad1 e5 17. dxe5 Ndxe5 18. Nxe5 Nxe5 19. f3 d4 20. cxd4 cxd4 21.
Bd3 g6 22. Qb4 Qg5 23. Qd2 Qf6 24. Rf2 h5 25. Be4 Nc4 26. Qc1 Bxe4 27. Nxe4 Qg7
28. Qg5 Nd6 29. Nxd6 Rxd6 1/2-1/2

[Event "19. Sahovski festival "]
[Site "Senta"]
[Date "2015.07.18"]
[Round "9.17"]
[White "Bratkovic, Sham"]
[Black "Lovas, Miklos"]
[Result "1/2-1/2"]
[WhiteElo "2152"]
[BlackElo "2029"]
[PlyCount "57"]
[EventDate "2015.07.11"]

1. Nf3 d5 2. e3 c5 3. b3 Nf6 4. Bb2 e6 5. Ne5 Nbd7 6. Bb5 Be7 7. O-O O-O 8. f4
a6 9. Bxd7 Bxd7 10. d3 Rc8 11. Nd2 Bc6 12. Rf3 Nd7 13. Rg3 Bf6 14. Qg4 g6 15.
Ndf3 d4 16. e4 Qc7 17. Nxd7 Qxd7 18. Rf1 Bg7 19. Ng5 f5 20. Qh4 h6 21. Nh3 Kh7
22. e5 Qd8 23. Ng5+ Kg8 24. Nf3 Bxf3 25. Qxd8 Rfxd8 26. Rgxf3 Rd5 27. h4 h5 28.
a4 b6 29. Ra1 1/2-1/2

[Event "19. Sahovski festival "]
[Site "Senta"]
[Date "2015.07.18"]
[Round "9.18"]
[White "Ciric, Dragan"]
[Black "Korponai, Akos"]
[Result "1-0"]
[WhiteElo "2125"]
[BlackElo "2002"]
[PlyCount "94"]
[EventDate "2015.07.11"]

1. e4 c5 2. Nf3 d6 3. d4 cxd4 4. Nxd4 Nf6 5. Nc3 a6 6. Bc4 e6 7. Bb3 Nbd7 8.
Bg5 Nc5 9. f4 Be7 10. Qe2 h6 11. Bxf6 Bxf6 12. O-O-O Qc7 13. Rhe1 O-O 14. g4 b5
15. g5 hxg5 16. e5 dxe5 17. fxe5 Be7 18. Qh5 Bb7 19. Re3 g6 20. Qh6 Rfd8 21. h4
gxh4 22. Nce2 Rac8 23. Rg1 Bf8 24. Qxh4 Nxb3+ 25. axb3 Bg7 26. Qf4 Rd5 27. Rc3
Qxe5 28. Qxe5 Bxe5 29. Rxc8+ Bxc8 30. c3 Bb7 31. Kd2 Bg7 32. Ke3 Bh6+ 33. Kf2
e5 34. Nf3 Kg7 35. c4 bxc4 36. bxc4 Rc5 37. b3 Bxf3 38. Kxf3 f5 39. Ra1 a5 40.
Nc3 e4+ 41. Ke2 Kf6 42. Na4 Rc7 43. Nc3 Ra7 44. c5 Bf8 45. c6 Bc5 46. c7 Ra8
47. Rxa5 Bb6 1-0

[Event "19. Sahovski festival "]
[Site "Senta"]
[Date "2015.07.18"]
[Round "9.19"]
[White "Dikic, Veljko"]
[Black "Bernath, Robert"]
[Result "1/2-1/2"]
[WhiteElo "1947"]
[BlackElo "2049"]
[PlyCount "85"]
[EventDate "2015.07.11"]

1. e4 c5 2. Nc3 Nc6 3. g3 g6 4. Bg2 Bg7 5. d3 d6 6. Be3 e6 7. Qd2 Rb8 8. Nge2
Nd4 9. Nd1 b6 10. Nc1 Bb7 11. c3 Nc6 12. Ne2 Qd7 13. O-O Nge7 14. Bh6 O-O 15.
Bxg7 Kxg7 16. Ne3 Rbd8 17. f4 f5 18. exf5 exf5 19. d4 Ng8 20. dxc5 dxc5 21.
Qxd7+ Rxd7 22. Nd5 Nf6 23. c4 Nxd5 24. Bxd5 Nd4 25. Nxd4 Bxd5 26. Nxf5+ Rxf5
27. cxd5 Rfxd5 28. Rae1 c4 29. Re2 b5 30. Rfe1 Kf7 31. Kf2 a5 32. Kf3 b4 33.
Rc2 Rd3+ 34. Re3 Rd2 35. Re2 R7d3+ 36. Kf2 Rxc2 37. Rxc2 b3 38. Rxc4 bxa2 39.
Ra4 Rd2+ 40. Kf3 Rxb2 41. h3 Ke6 42. Rxa5 Kd6 43. g4 1/2-1/2

[Event "19. Sahovski festival "]
[Site "Senta"]
[Date "2015.07.18"]
[Round "9.20"]
[White "Marjanovics, Gyorgy"]
[Black "Elez, Sinisa"]
[Result "1/2-1/2"]
[WhiteElo "1939"]
[BlackElo "2075"]
[PlyCount "102"]
[EventDate "2015.07.11"]

1. e4 c5 2. Nf3 d6 3. Bb5+ Bd7 4. Bxd7+ Nxd7 5. O-O e6 6. c3 Ne7 7. d4 cxd4 8.
cxd4 d5 9. exd5 Nxd5 10. Nc3 N7b6 11. Bg5 Be7 12. Bxe7 Nxe7 13. Qe2 O-O 14.
Rac1 Nbd5 15. Rfd1 Rc8 16. Qb5 Qb6 17. Qxb6 Nxb6 18. Nb5 Nc6 19. Nd6 Rb8 20.
Ne5 Nxe5 21. dxe5 Nd5 22. g3 g5 23. Ne4 h6 24. a3 Kg7 25. Nc5 Rfd8 26. Kg2 b6
27. Nd3 Rbc8 28. Kf3 a5 29. Ke4 f5+ 30. Kf3 Kf7 31. Ke2 Ke7 32. Kd2 Kd7 33.
Rxc8 Rxc8 34. Rc1 Rxc1 35. Nxc1 Kc6 36. Kd3 Nc7 37. Kc4 Na6 38. Nd3 Nb8 39. a4
Kb7 40. h3 Nc6 41. Kc3 Ne7 42. Kc4 Ng6 43. Kb5 Kc7 44. b4 axb4 45. Kxb4 Ne7 46.
f4 Nd5+ 47. Kb3 gxf4 48. Nxf4 Nxf4 49. gxf4 Kc6 50. Kc4 Kc7 51. Kd4 Kc6 1/2-1/2

[Event "19. Sahovski festival "]
[Site "Senta"]
[Date "2015.07.18"]
[Round "9.22"]
[White "Nestorovic, Irena"]
[Black "Hiebert, Kenji"]
[Result "0-1"]
[WhiteElo "2019"]
[BlackElo "1796"]
[PlyCount "54"]
[EventDate "2015.07.11"]

1. d4 Nf6 2. c4 g6 3. Nc3 Bg7 4. e4 d6 5. Be2 O-O 6. Nf3 e5 7. O-O Nc6 8. d5
Ne7 9. b4 Ne8 10. Nd2 f5 11. f3 f4 12. c5 Nf6 13. Nc4 g5 14. Ba3 h5 15. cxd6
cxd6 16. b5 Ne8 17. Qb3 g4 18. Qb4 Rf6 19. Nxe5 Ng6 20. Nc4 g3 21. hxg3 fxg3
22. Ne3 Rf7 23. Rfd1 Qh4 24. Nf1 Nf4 25. e5 Bxe5 26. Rac1 Bxc3 27. Qe4 Bf5 0-1

[Event "19. Sahovski festival "]
[Site "Senta"]
[Date "2015.07.18"]
[Round "9.23"]
[White "Sarnyai, Daniel"]
[Black "Demic, Aleksandar"]
[Result "1-0"]
[WhiteElo "2007"]
[BlackElo "1735"]
[PlyCount "63"]
[EventDate "2015.07.11"]

1. c4 e5 2. Nc3 Nc6 3. Nf3 f5 4. e4 d6 5. Be2 Nf6 6. d3 Be7 7. O-O O-O 8. a3 a5
9. exf5 Bxf5 10. Be3 Qd7 11. d4 exd4 12. Nxd4 Nxd4 13. Qxd4 c6 14. Bf3 Bg4 15.
Bxg4 Nxg4 16. h3 Nxe3 17. Qxe3 Rae8 18. Qd3 Rf6 19. Rad1 Ref8 20. Ne4 Rg6 21.
f4 Kh8 22. Kh1 Qc8 23. Rf3 a4 24. Rd2 Re6 25. Rdf2 d5 26. Ng5 Bxg5 27. fxg5
Re1+ 28. Kh2 Qc7+ 29. g3 Rg8 30. cxd5 cxd5 31. Qxd5 Qc1 32. Qxg8+ 1-0

[Event "19. Sahovski festival "]
[Site "Senta"]
[Date "2015.07.18"]
[Round "9.29"]
[White "Farkas, Janos"]
[Black "Solymosi, Andras"]
[Result "1/2-1/2"]
[WhiteElo "1788"]
[BlackElo "1965"]
[PlyCount "83"]
[EventDate "2015.07.11"]

1. e4 c5 2. Nf3 d6 3. d4 cxd4 4. Nxd4 Nf6 5. Bd3 a6 6. c4 g6 7. Nc3 Bg7 8. h3
Nc6 9. Be3 O-O 10. a3 Ne5 11. Be2 Qc7 12. Rc1 e6 13. Qd2 b6 14. b4 Bb7 15. f3
Nh5 16. Kf2 Nc6 17. Nd5 Qd8 18. Nxc6 Bxc6 19. Nxb6 Rb8 20. c5 Qh4+ 21. Kg1 dxc5
22. Bf2 Qf4 23. Qxf4 Nxf4 24. Kf1 Nxe2 25. Kxe2 Bb5+ 26. Nc4 cxb4 27. axb4 Rfc8
28. Bc5 Bf8 29. Ke3 Bxc4 30. Rxc4 a5 31. Kd3 axb4 32. Bxf8 Kxf8 33. Rb1 Rxc4
34. Kxc4 Ke7 35. Rxb4 Rxb4+ 36. Kxb4 Kd6 37. f4 e5 38. g3 f5 39. exf5 gxf5 40.
Kc4 h5 41. fxe5+ Kxe5 42. Kd3 1/2-1/2

[Event "19. Sahovski festival "]
[Site "Senta"]
[Date "2015.07.18"]
[Round "9.33"]
[White "Soklovacki, Mila"]
[Black "Barta, Aron"]
[Result "1/2-1/2"]
[WhiteElo "1901"]
[BlackElo "1585"]
[PlyCount "37"]
[EventDate "2015.07.11"]

1. e4 e5 2. Nf3 Nc6 3. d4 exd4 4. Nxd4 Bc5 5. Nxc6 bxc6 6. Bd3 Qf6 7. O-O Ne7
8. Nd2 O-O 9. Nb3 Bb6 10. c3 d6 11. Qe2 Ng6 12. Be3 Nf4 13. Bxf4 Qxf4 14. Qd2
Qh4 15. Nd4 Bd7 16. Rfe1 Rfe8 17. Nf3 Qf6 18. Qg5 Qxg5 19. Nxg5 1/2-1/2

[Event "19. Sahovski festival "]
[Site "Senta"]
[Date "2015.07.18"]
[Round "9.36"]
[White "Dinic, Nenad"]
[Black "Horvat, Nevena"]
[Result "1/2-1/2"]
[WhiteElo "1995"]
[BlackElo "1727"]
[PlyCount "57"]
[EventDate "2015.07.11"]

1. e4 c5 2. f4 g6 3. Nf3 Bg7 4. c3 Nc6 5. Bc4 e6 6. e5 a6 7. a4 d5 8. exd6 Qxd6
9. d3 Nge7 10. O-O O-O 11. Ng5 Qc7 12. Be3 b6 13. Na3 Nf5 14. Qe2 Bb7 15. Rad1
Na5 16. Ba2 Qc6 17. Ne4 Nxe3 18. Qxe3 f5 19. Qh3 fxe4 20. Bxe6+ Kh8 21. dxe4
Qxe4 22. Rde1 Qxa4 23. f5 gxf5 24. Bxf5 Rxf5 25. Qxf5 Qc6 26. Qh3 Bc8 27. Qh5
Bd7 28. Re2 Be8 29. Qh3 1/2-1/2

[Event "19. Sahovski festival "]
[Site "Senta"]
[Date "2015.07.18"]
[Round "9.37"]
[White "Janjusevic, Branislav"]
[Black "Abel, Istvan"]
[Result "1-0"]
[WhiteElo "1968"]
[BlackElo "1714"]
[PlyCount "75"]
[EventDate "2015.07.11"]

1. e4 c5 2. Nf3 Nc6 3. d4 cxd4 4. Nxd4 g6 5. c4 Bg7 6. Be3 Nf6 7. Nc3 d6 8. Be2
O-O 9. O-O a6 10. f4 e6 11. Qd2 Qc7 12. Rac1 e5 13. Nf3 Ng4 14. Nd5 Qd8 15. Bb6
Qd7 16. h3 Nf6 17. Nc3 Bh6 18. Be3 Nh5 19. Nd5 Ng3 20. Nf6+ Kg7 21. Nxd7 Bxd7
22. Rfe1 Nxe4 23. Qd5 Bf5 24. g4 Nb4 25. Qa5 Nc6 26. Qb6 exf4 27. Bd4+ Kg8 28.
gxf5 Rfe8 29. Bc3 Ng5 30. Nxg5 Bxg5 31. Bf3 Ne5 32. Bxe5 dxe5 33. f6 Re6 34.
Qxb7 Rae8 35. Qd7 Bxf6 36. Bd5 R6e7 37. Qg4 h5 38. Qxg6+ 1-0

[Event "19. Sahovski festival "]
[Site "Senta"]
[Date "2015.07.18"]
[Round "9.40"]
[White "Jankov, Danijel"]
[Black "Miljkovic, Vukasin"]
[Result "1-0"]
[WhiteElo "1471"]
[BlackElo "1744"]
[PlyCount "67"]
[EventDate "2015.07.11"]

1. e4 e5 2. Nf3 Bc5 3. d4 exd4 4. Bc4 Qe7 5. O-O Nc6 6. Bg5 f6 7. Bh4 Ne5 8.
Nxe5 Qxe5 9. Bg3 Qe7 10. Bxc7 d6 11. Ba5 b6 12. Bd5 Bb7 13. Bxb7 Qxb7 14. Bd2
a5 15. c3 dxc3 16. Bxc3 Ne7 17. Qb3 Qd7 18. Nd2 a4 19. Qc2 b5 20. a3 O-O 21. e5
Rac8 22. exf6 Rxf6 23. Qd3 Rg6 24. Ne4 Qc6 25. g3 Nd5 26. Nxc5 dxc5 27. f3 Nxc3
28. bxc3 Rd8 29. Qxd8+ Kf7 30. Rfe1 Rd6 31. Re7+ Kg6 32. Qg8 Kg5 33. Qxg7+ Rg6
34. Re5# 1-0

[Event "19. Sahovski festival "]
[Site "Senta"]
[Date "2015.07.18"]
[Round "9.42"]
[White "Bacsa, Zoltan"]
[Black "Pothorcki, Laszlo"]
[Result "1-0"]
[WhiteElo "1676"]
[BlackElo "1366"]
[PlyCount "69"]
[EventDate "2015.07.11"]

1. e4 c5 2. Nf3 d6 3. d4 cxd4 4. Nxd4 Nc6 5. Bc4 e6 6. Nxc6 bxc6 7. Nc3 Bb7 8.
O-O g6 9. Bf4 Be7 10. Re1 Nf6 11. Bb3 O-O 12. Qd2 Nh5 13. Bh6 Re8 14. Rad1 Qc7
15. Ne2 Rad8 16. Ng3 Nxg3 17. fxg3 Bf6 18. c3 Bg7 19. Bg5 Qb6+ 20. Kh1 Rd7 21.
Be3 Qa5 22. Qf2 Red8 23. Rd2 Bf8 24. Rd4 a6 25. Ra4 Qe5 26. Bd4 Qg5 27. Bf6 Qc5
28. Qxc5 dxc5 29. Bxd8 Rxd8 30. Rd1 Rd6 31. Rxd6 Bxd6 32. Bc4 f5 33. Bxe6+ Kg7
34. exf5 gxf5 35. Bxf5 1-0

[Event "19. Sahovski festival "]
[Site "Senta"]
[Date "2015.07.18"]
[Round "9.44"]
[White "Radisic, Dragoljub"]
[Black "Olajos, Gyozo"]
[Result "1-0"]
[WhiteElo "1384"]
[BlackElo "1609"]
[PlyCount "27"]
[EventDate "2015.07.11"]

1. e4 c5 2. Nf3 e6 3. d4 cxd4 4. Nxd4 Nc6 5. Bb5 Bc5 6. Be3 a6 7. Bxc6 Qa5+ 8.
c3 bxc6 9. O-O Qb6 10. b4 Bxd4 11. Bxd4 Qc7 12. Bxg7 f6 13. Bxh8 Bb7 14. Qh5+
1-0